Normal view MARC view
  • Federación de Asociaciones de la Prensa de España

Entry Nombre corporativo

Number of records used in: 1

001 - NÚMERO DE CONTROL

  • campo de control: 6449

003 - IDENTIFICADOR DEL NÚMERO DE CONTROL

  • campo de control: ES-StUEA

005 - FECHA Y HORA DE LA ÚLTIMA TRANSACCIÓN

  • campo de control: 20260227102656.0

008 - DATOS DE LONGITUD FIJA

  • campo de control de longitud fija: 260227|| aca||aabn | a|a d

040 ## - FUENTE DE LA CATALOGACIÓN

  • Centro catalogador/agencia de origen: ES-StUEA
  • Centro/agencia transcriptor: ES-StUEA

110 ## - ENCABEZAMIENTO-NOMBRE DE ENTIDAD CORPORATIVA

  • Nombre de entidad corporativa o nombre de jurisdicción como elemento de entrada: Federación de Asociaciones de la Prensa de España
  • Unidad subordinada: Comisión de Arbitraje, Quejas y Deontología

670 ## - FUENTE DE DATOS ENCONTRADOS

  • Cita de la fuente: Work cat.: (ES-StUEA)0: Serrano Moreno, Juan aut 6448, Ética del periodismo español :, 2017

Servicio de Biblioteca de la Universidad Europea del Atlantico | biblioteca@uneatlantico.es | Tlf: 942 244 244 Ext. 5020